000
00279nam a22001337a 4500
020
_a
0-7214-2125-3
082
_a
823
_b
YAT/J
100
_a
YATES, IRENE
245
_a
JOE'S SHOWBOAT
260
_a
UK
_b
LADY BIRD
300
_a
31
650
_a
ENGLISH SHORT STORY
_z
UK
942
_c
BK
999
_c
2468
_d
2468